| 000 | 00000nam 2200000za 4500 |
| 001 | 9.695875 |
| 003 | CaOODSP |
| 005 | 20210624234757 |
| 007 | cr ||||||||||| |
| 008 | 150407|2007||||xxc|||||o f|0| 0 eng d |
| 040 | |aCaOODSP|beng |
| 043 | |an-cn--- |
| 086 | 1 |aCS98-1861/1E-PDF|zCS98-1861(F) |
| 110 | 1 |aCanada.|bBoard of Registration and Statistics. |
| 245 | 10|aCensus of the Canadas, 1860-61. Vol. I, : |h[electronic resource] |bPersonal census |
| 246 | 15|aAppendices to the report of the Board of Registration and Statistics. Personal census, 1861 |
| 260 | |aQuébec - Quebec : |bBoard of Registration and Statistics |c[1863], digitized [200-?]. |
| 300 | |a612p.|btables |
| 590 | |a15-01-Supp|b2015-01-26 |
| 690 | 07|aCensus|2gcpds |
| 775 | 08|tRecensement des Canadas, 1860-61. Vol. I, : |w(CaOODSP)9.639996 |
| 856 | 40|ahttp://publications.gc.ca|qPDF|s326.87 MB|uhttps://publications.gc.ca/collections/collection_2012/statcan/rh-hc/CS98-1861-1-eng.pdf |